书目信息 |
| 题名: |
“语用”有约
|
|
| 作者: | 袁灿英 , 易群 著 | |
| 分册: | ||
| 出版信息: | 长沙 湖南教育出版社 2018.12 |
|
| 页数: | 280页 | |
| 开本: | 24cm | |
| 丛书名: | ||
| 单 册: | ||
| 中图分类: | G623.202 | |
| 科图分类: | ||
| 主题词: | 小学语文课--Xiao Xue Yu Wen Ke--课堂教学--教学研究 | |
| 电子资源: | ||
| ISBN: | 978-7-5539-6604-5 | |
| 000 | 00937nam0 2200253 450 | |
| 001 | 0103152641 | |
| 005 | 20201103152729.0 | |
| 010 | @a978-7-5539-6604-5@dCNY40.00 | |
| 100 | @a20190524d2018 em y0chiy50 ea | |
| 101 | 0 | @achi |
| 102 | @aCN@b430000 | |
| 105 | @aa z 000yy | |
| 106 | @ar | |
| 200 | 1 | @a“语用”有约@A“ Yu Yong ” You Yue@f袁灿英, 易群著 |
| 210 | @a长沙@c湖南教育出版社@d2018.12 | |
| 215 | @a280页@c图@d24cm | |
| 300 | @a湖南省“双百工程”优秀教育教学著作株洲市教师学术专著优秀作品 | |
| 330 | @a本书分为对语用的认识与理解、语用点的确定、语用教学的实施策略三章,具体内容包括:对语用的概念界定、语用教学的现状分析、语用点确定的依据、语用点确定的途径、语用教学的方法步骤等。 | |
| 606 | 0 | @a小学语文课@AXiao Xue Yu Wen Ke@x课堂教学@x教学研究 |
| 690 | @aG623.202@v5 | |
| 701 | 0 | @a袁灿英@AYuan Can Ying@4著 |
| 701 | 0 | @a易群@AYi Qun@4著 |
| 801 | 0 | @aCN@bBJSZM@c20201103 |
| 905 | @b1255121-5@dG623.202@e1011@f5 | |
| “语用”有约/袁灿英, 易群著.-长沙:湖南教育出版社,2018.12 |
| 280页:图;24cm |
| 湖南省“双百工程”优秀教育教学著作株洲市教师学术专著优秀作品 |
| ISBN 978-7-5539-6604-5:CNY40.00 |
| 本书分为对语用的认识与理解、语用点的确定、语用教学的实施策略三章,具体内容包括:对语用的概念界定、语用教学的现状分析、语用点确定的依据、语用点确定的途径、语用教学的方法步骤等。 |
| ● |
| 相关链接 |
|
|
|
|
正题名:"语用"有约
索取号:G623.202/1011
 
预约/预借
| 序号 | 登录号 | 条形码 | 馆藏地/架位号 | 状态 | 备注 |
| 1 | 1255121 | 212551219 | 第一样本阅览室/ [索取号:G623.202/1011] | 在馆 | |
| 2 | 1255122 | 212551228 | 教育系资料室/ [索取号:G623.202/1011] | 在馆 | |
| 3 | 1255123 | 212551237 | 教育系资料室/ [索取号:G623.202/1011] | 在馆 | |
| 4 | 1255124 | 212551246 | 第四借阅区/ [索取号:G623.202/1011] | 在馆 | |
| 5 | 1255125 | 212551255 | 第四借阅区/ [索取号:G623.202/1011] | 在馆 |